000 00663cam a2200229 i 4500
001 2299185
005 20180222065204.0
008 800919s1980 nyua b 001 0 eng
010 _a 80023021
020 _a0121363805
040 _aDLC
_cDLC
_dDLC
041 _aeng
043 _an-us---
080 _a307.2 BRO
082 0 0 _a307.2 BRO
_219
100 _a52
101 _aEKO
245 0 0 _aNew directions in urban-rural migration :
_cedited by David L. Brown, John M. Wardwell.
504 _aIncludes bibliographies and index.
906 _a7
_bcbc
_corignew
_d1
_eocip
_f19
_gy-gencatlg
942 _2ddc
_cBK
999 _c43172
_d43172